书目信息 |
| 题名: |
萧军近作
|
|
| 作者: | 萧军 著 | |
| 分册: | ||
| 出版信息: | 成都 四川人民出版社 1981 |
|
| 页数: | 342页 | |
| 开本: | 19cm | |
| 丛书名: | 近作丛书 | |
| 单 册: | ||
| 中图分类: | I217.2 , I211 | |
| 科图分类: | ||
| 主题词: | 文学--作品--中国--现代--选集 | |
| 电子资源: | ||
| ISBN: | ||
| 000 | 00672oam2 2200253 450 | |
| 001 | 1555244477 | |
| 005 | 20150126152109.93 | |
| 010 | @dCNY0.89 | |
| 091 | @a10118.430 | |
| 100 | @a19950605d1981 em y0chiy0110 ea | |
| 101 | 0 | @achi |
| 102 | @aCN@b510000 | |
| 105 | @ay z 000zy | |
| 200 | 1 | @a萧军近作@9xiao jun jin zuo@e一九七九年诗文选辑@f萧军著 |
| 210 | @a成都@c四川人民出版社@d1981 | |
| 215 | @a342页@d19cm | |
| 225 | 2 | @a近作丛书 |
| 461 | 0 | @12001 @a近作丛书 |
| 606 | 0 | @a文学@x作品@y中国@z现代@x选集 |
| 690 | @aI217.2@v5 | |
| 690 | @aI211@v4 | |
| 701 | 0 | @a萧军@9xiao jun@f(1907.7~1988.6)@4著 |
| 801 | 0 | @aCN@bTSSF@c20150126 |
| 905 | @aZUCC@dI211@eJY1 | |
| 萧军近作:一九七九年诗文选辑/萧军著.-成都:四川人民出版社,1981 |
| 342页;19cm.-(近作丛书) |
| ISBN :CNY0.89 |
| ● |
| 相关链接 |
|
|
|
|
正题名:萧军近作
索取号:I211/JY1
 
预约/预借
| 序号 | 登录号 | 条形码 | 馆藏地/架位号 | 状态 | 备注 |
| 1 | 7838705 | 278387050 | 学院路分馆/ [索取号:I211/JY1] | 在馆 | |
| 2 | 7838706 | 278387069 | 学院路分馆/ [索取号:I211/JY1] | 在馆 |